Thơ ca dân gian trữ tình trên vùng đất Khánh Hòa
Giới thiệu kho tàng thơ ca dân gian trữ tình của vùng đất Khánh Hòa, được sắp xếp theo thứ tự A, B, C kèm theo phần so sánh các câu ca dao của vùng miền khác nhau.
שמור ב:
| מחבר תאגידי: | |
|---|---|
| פורמט: | ספר |
| שפה: | Undetermined |
| יצא לאור: |
Hà Nội
Văn hóa Dân tộc
2010
|
| נושאים: | |
| תגים: |
הוספת תג
אין תגיות, היה/י הראשונ/ה לתייג את הרשומה!
|
| Thư viện lưu trữ: | Trung tâm Học liệu Trường Đại học Cần Thơ |
|---|
| LEADER | 01073nam a2200205Ia 4500 | ||
|---|---|---|---|
| 001 | CTU_170590 | ||
| 008 | 210402s9999 xx 000 0 und d | ||
| 082 | |a 895.9221008 | ||
| 082 | |b H452 | ||
| 110 | |a Hội văn nghệ dân gian Việt Nam | ||
| 245 | 0 | |a Thơ ca dân gian trữ tình trên vùng đất Khánh Hòa | |
| 245 | 0 | |c Trần Việt Kỉnh (Sưu tầm, biên soạn, giới thiệu) | |
| 260 | |a Hà Nội | ||
| 260 | |b Văn hóa Dân tộc | ||
| 260 | |c 2010 | ||
| 520 | |a Giới thiệu kho tàng thơ ca dân gian trữ tình của vùng đất Khánh Hòa, được sắp xếp theo thứ tự A, B, C kèm theo phần so sánh các câu ca dao của vùng miền khác nhau. | ||
| 650 | |a Vietnamese poetry,Thơ Việt Nam | ||
| 650 | |x History and criticism,Lịch sử và phê bình | ||
| 904 | |i Trọng Hải (chuyển số phân loại 895.9221009 thành 895.9221008, chưa in nhãn)Tuyến | ||
| 980 | |a Trung tâm Học liệu Trường Đại học Cần Thơ | ||